| 000 | 00749nam a22002417a 4500 | ||
|---|---|---|---|
| 003 | OSt | ||
| 005 | 20251125085053.0 | ||
| 008 | 251125b |||||||| |||| 00| 0 eng d | ||
| 020 | _a962-593-763-3 | ||
| 040 |
_aDWCL-Main lib _cOC |
||
| 082 |
_2Periplus edition _aRes. 641.8 D135 2001 |
||
| 100 | _aDaks, N. | ||
| 245 |
_aThai soups and salads _cDaks, Nongkan |
||
| 250 | _aPeriplus edition | ||
| 260 |
_aSingapore : _bPreiplus, _c c2001 |
||
| 300 |
_a64 p. : _bcolored illustration : _c20 cm. |
||
| 504 | _aIncludes index | ||
| 650 | _2Salads | ||
| 650 | _2Soups | ||
| 650 | _2Vegetable soups | ||
| 700 | _aGreeley, Alexandra | ||
| 942 |
_2ddc _cBK-0 CIRC _ePeriplus edition _hRes. 641.8 D135 2001 _kRes. _n0 |
||
| 999 |
_c6158 _d6158 |
||